000 00760nam a2200229 i 4500
001 99144
003 ES-MaACL
005 20250728181203.0
007 t|
008 050902s1976 sp ||||1| spa d
020 _a84-220-0491-7
100 1 _aMartín Artajo, Javier.
_977400
245 1 0 _aCaminando a Compostela /
_cJavier Martín Artajo; prólogo del P. Félix García, O.S.A.; ilustraciones de Antonio Cobos.
250 _a2ª ed.
260 _aMadrid :
_bEditorial Católica,
_c1976.
300 _a121 p. :
_bil. ;
_c24 cm.
650 4 _aPeregrinaciones cristianas-
_zSantiago de Compostela.
_915937
700 1 _aGarcía, Félix,
_d1897-1983
_9172116
700 1 _aCobos, Antonio.
_939361
852 _aES-MaACL
_jA-5616
999 _c99144
_d99144